ბათუმის შოთა რუსთაველის სახელმწიფო უნივერსიტეტის ბიბლიოთეკა

ეკონომიკური ტერმინოლოგიისა და მეცნიერული თარგმანისათვის / (ბიბ.ჩანაწერი № 63935)

000 -ლიდერი
ფიქსირებული სიგრძის საკონტროლო ველი 01253nam a22002297a 4500
003 - საკონტროლო ნომრის იდენტიფიკატორი
საკონტროლო ველი Ge_BSU
005 - ბოლო ოპერაციის თარიღი და დრო
საკონტროლო ველი 20260225153039.0
008 - ფიქსირებული სიგრძის მონაცემთა ელემენტები - ზოგადი ინფორმაცია
ფიქსირებული სიგრძის საკონტროლო ველი 260225s1952 ge ||||| |||| 00| 0 geo d
041 ## - ენის კოდი
Language code of text/sound track or separate title geo
080 ## - უნივერსალური ათობითი კლასიფიკაციის ინდექსი
Universal Decimal Classification number 330.1(014) გ-92
100 ## - მთავარი ჩანაწერი - პიროვნების სახელი
Personal name გუგუშვილი, პაატა
9 (RLIN) 3880
245 ## - ცნობა სათაურის შესახებ
Title ეკონომიკური ტერმინოლოგიისა და მეცნიერული თარგმანისათვის /
Statement of responsibility, etc პაატა გუგუშვილი; საქ. სსრ მეცნ. აკადემია.
264 ## - წარმოების, გამოცემის, დისტრიბუციის და სხვა ცნობები
გამოცემის, წარმოების, დისტრიბუციის... ადგილი თბილისი :
გამოცემის, წარმოების, დისტრიბუციის... სახელწოდება საქ. სსრ მეცნ. აკად. გამ-ბა და სტ.,
გამოცემის, წარმოების, დისტრიბუციის... თარიღი 1952.
300 ## - ფიზიკური აღწერა
Extent 104 გვ. ;
Other physical details 20 სმ.
504 ## - BIBLIOGRAPHY, ETC. NOTE
Bibliography, etc ბიბლიოგრ. შენიშვნებში.
653 ## - INDEX TERM--UNCONTROLLED
Uncontrolled term ჭავჭავაძე, ილია
653 ## - INDEX TERM--UNCONTROLLED
Uncontrolled term რუსულ-ქართული ურთიერთობები
653 ## - INDEX TERM--UNCONTROLLED
Uncontrolled term ეკონომიკური ტერმინოლოგია.
653 ## - INDEX TERM--UNCONTROLLED
Uncontrolled term მეცნიერული თარგმანი.
700 ## - ADDED ENTRY--PERSONAL NAME
Personal name ახვლედიანი, გ. ს.
Relator term რედაქტორი
9 (RLIN) 26967
942 ## - ADDED ENTRY ELEMENTS (KOHA)
Source of classification or shelving scheme
Koha item type წიგნი
ეგზემპლარები
ჩამოწერის სტატუსი დაკარგული ეგზემპლარის სტატუსი კლასიფიკაციის წყარო ან თაროზე გაწყობის სქემა დაზიანების სტატუსი არ გაიცემა მუდმივი მდებარეობა (დაცვის ადგილი) ამჟამინდელი ადგილსამყოფელი თაროზე განთავსების ადგილი შეძენის თარიღი ღირებულება, შესყიდვის ნორმალური ფასი სრული შენახვის შიფრი შტრიხკოდი ბოლო ოპერაციის თარიღი ეგზემპლარის მიმდევრობითი ნომერი (კეტერი?) ფასის ძალაში შესვლის თარიღი ეგზემპლარის სახეობა საჯარო შენიშვნა
          ბათუმის შოთა რუსთაველის სახელმწიფო უნივერსიტეტის მთავარი ბიბლიოთეკა ბათუმის შოთა რუსთაველის სახელმწიფო უნივერსიტეტის მთავარი ბიბლიოთეკა წიგნსაცავი 2026-02-25 0.56 330.1(014) გ-92 73817 2026-02-25 73817 2026-02-25 წიგნი 0.56 თ.
          ბათუმის შოთა რუსთაველის სახელმწიფო უნივერსიტეტის მთავარი ბიბლიოთეკა ბათუმის შოთა რუსთაველის სახელმწიფო უნივერსიტეტის მთავარი ბიბლიოთეკა წიგნსაცავი 2026-03-12 0.56 330.1(014) გ-92 73915 2026-03-12 73915 2026-03-12 წიგნი 0.56 თ.
          ბათუმის შოთა რუსთაველის სახელმწიფო უნივერსიტეტის მთავარი ბიბლიოთეკა ბათუმის შოთა რუსთაველის სახელმწიფო უნივერსიტეტის მთავარი ბიბლიოთეკა წიგნსაცავი 2026-03-12 0.56 330.1(014) გ-92 73914 2026-03-12 73914 2026-03-12 წიგნი 0.56 თ.